Business plan of a startup company diplomová práca

Enregistré dans:
Détails bibliographiques
Auteur principal: Kováčová, Mária
Collectivité auteur: Fakulta podnikového manažmentu EU. Katedra manažmentu
Autres auteurs: Zagoršek, Branislav, 1984-
Format: Livre
Langue:anglais
Publié: Bratislava 2018
Tags: Ajouter un tag
Pas de tags, Soyez le premier à ajouter un tag!

MARC

LEADER 00000nbm a2200000 4500
001 0247300
005 20180920130748.8
041 0 |a eng 
044 |a SK 
245 1 0 |a Business plan of a startup company  |b diplomová práca  |c Mária Kováčová ; školiteľ: Branislav Zagoršek 
264 1 |a Bratislava  |c 2018 
300 |a 109 s. 
100 1 |a Kováčová, Mária 
700 1 |a Zagoršek, Branislav, 1984- 
710 2 |a Fakulta podnikového manažmentu EU. Katedra manažmentu